000 00229 a2200097 4500
001 39963
100 _aDeshpande J V
245 _aIntroduction to Topology
260 _aNew Delhi
_bTata McGraw Hill
_c1988
090 _c24953
_d24953
942 _aNUST-CAE
_cM
_c16617
999 _c275036
_d275036